| 000 | 00667cgm a2200181 4500 | ||
|---|---|---|---|
| 005 | 20201125063853.0 | ||
| 007 | vd cgaizm | ||
| 008 | 140721t2013 xx 56 f |||| 0| vleng d | ||
| 020 | _a9781133566045 | ||
| 082 | 0 | 4 |
_222 _a428.24 _bWOR |
| 245 | 0 | 0 |
_aWorld class 1 & 2 _h[videorecording] : _bclassroom DVD / _cNational Geographic. |
| 246 | 3 | 5 |
_aWorld class 1 & 2 : _bexpanding English fluency |
| 260 |
_a[S. l.] : _bNational Geographic Learning : _bCengage Learning, _cc.2013. |
||
| 300 |
_a1 videodisc (56:00 min.) : _bsd., col. ; _c4 3/4 in. |
||
| 650 | 0 |
_936062 _aEnglish language _vFilms for foreign speakers |
|
| 653 |
_bEEENG _cJuly2014 |
||
| 942 |
_2ddc _cDVD _k428.24 WOR |
||
| 999 |
_c18375 _d18347 |
||